000 00393nam a22001697a 4500
005 20260514121810.0
008 260514b |||||||| |||| 00| 0 eng d
020 _a9789349919549
041 _aEng
082 _a823 WEL
100 _aWells, G. H
245 _aThe War of the Worlds
260 _bNew Dehli
_c2026
300 _a221;. P. 19 cm
650 _aGeneral; Fiction
942 _cBK
999 _c46592
_d46592